| 000 | 01102nam a2200337 a 4500 | ||
|---|---|---|---|
| 001 | 119484 | ||
| 003 | FlNmELB | ||
| 005 | 20241217175043.0 | ||
| 006 | m o d | | ||
| 007 | cr cn||||||||| | ||
| 008 | 201208r2005 ag |||||s|||||||||||spa d | ||
| 020 | _z9781413573657 | ||
| 035 | _a(MiAaPQ)EBC3162376 | ||
| 035 | _a(Au-PeEL)EBL3162376 | ||
| 035 | _a(CaPaEBR)ebr10092778 | ||
| 035 | _a(OCoLC)1010557641 | ||
| 040 |
_aFlNmELB _bspa _cFlNmELB |
||
| 050 | 4 |
_aTP248.2 _bB616 2005 |
|
| 080 | _a57.08 | ||
| 082 | 0 | 4 |
_a660.6 _222 |
| 245 | 0 | 0 |
_aBiotecnología _h[recurso electronico]. |
| 260 |
_a[Santa Fe, Argentina] : _bEl Cid Editor, _c[2005] |
||
| 300 | _a46 p. | ||
| 490 | 0 | _aEstudios sectoriales-Biotecnología | |
| 533 | _aRecurso electrónico. Santa Fe, Arg.: e-libro, 2015. Disponible vía World Wide Web. El acceso puede estar limitado para las bibliotecas afiliadas a e-libro. | ||
| 650 | 4 | _aBiotecnología. | |
| 650 | 4 | _aBiotechnology. | |
| 655 | 4 | _aLibros electrónicos. | |
| 710 | 2 | _ae-libro, Corp. | |
| 856 | 4 | 0 | _uhttps://elibro.net/ereader/politecnicointernacional/98274 |
| 999 |
_c119484 _d119484 |
||